000 00876cam3a220025300 4500
001 lce00084535
008 750806s1974 ii b 000 0 eng
010 _a 75900503
020 _cRs25.00 (
_5.00 U.S.)
035 _a(Sirsi) r82291
035 _a(DLC) 75900503
035 _a(UPRA)lce00084535
043 _aa-ii---
050 0 _aLA1151
_b.K32
082 _a370/.954
100 1 _aKaul, Gopi Nath, 1913-
_dKaul, Gopi Nath, 1913-
_6A42100.1
245 1 0 _aValues and education in independent India /
_cby G. N. Kaul ; with a foreword by Prem Kirpal.
260 _aAmbala Cantt. :
_bAssociated Publishers,
_c[1974?]
504 _aIncludes bibliographical references.
650 0 _aEducation -- India.
_zEducation -- India.
_6S27482.1
949 _aLA1151
_wlcc
_i-114189
_mMAIN
_tBOOK
_lON-SHELF
949 _aLA1151
_wlcc
_i-114190
_mMAIN
_tBOOK
_lON-SHELF
004 82291
999 _c84961
_d84961